000 00679nam a22002417a 4500
003 OSt
005 20220618094653.0
008 220615b |||||||| |||| 00| 0 eng d
020 _aT276
040 _cSTCPL
041 _aENG
082 _a519
_bSHA-S
100 _aShalitha Jacob
110 _aGuided by Seemon Thomas
111 _aMahatma Gandhi University Kottayam, Department of Statistics, St Thomas College Palai
245 _aSome new probability models and their applications in risk modeling /
_cby Shalitha Jacob
260 _aPala :
_cAugust 2019
300 _a204 p.
_bPB
650 _aStatistics
942 _cTHE
942 _2ddc
942 _2ddc
_n0
999 _c75771
_d75771